00663nam a2200181 a 450000100060000000300090000600800410001502000150005604000280007108200160009910000250011524500310014026000230017130000110019450502090020565000280041465000390044214800CO-ViMGA141112s2004 ck r 000 u spa d a9589074375 aCO-ViMGAbspacCO-ViMGA04a323.2 C171v1 aCasas Aguilar, Justo10aLa violencia en los llanos aBtá Ecoe, c1986 a141.p. aMarco historico y antecedentes de la violencia en Boyacá Aparición y evolución del movimiento guerrillero Las leyes del llano Caracter de clase del comando de los hermanos Bautista La pacificación14aGUERRILLA DE LOS LLANOS14aVIOLENCIA EN LOS LLANOS ORIENTALES